Catálogo

Aquí se narra : (Registro nro. 55025)

Detalles MARC
000 -LEADER
fixed length control field 01158cam a2200289 i 4500
001 - CONTROL NUMBER
control field 55025
003 - CONTROL NUMBER IDENTIFIER
control field Mx-PuUPA
005 - DATE AND TIME OF LATEST TRANSACTION
control field 20230428102310.0
008 - FIXED-LENGTH DATA ELEMENTS--GENERAL INFORMATION
fixed length control field 140415s2016 mx aho r 000 0 spa d
020 ## - INTERNATIONAL STANDARD BOOK NUMBER
International Standard Book Number 9786078093762
040 ## - CATALOGING SOURCE
Original cataloging agency MX-PuUPA
Language of cataloging spa
Description conventions rda
Transcribing agency Mx-PuUPA
Modifying agency Mx-PuUPA
041 ## - LANGUAGE CODE
Language code of text/sound track or separate title spa
245 00 - TITLE STATEMENT
Title Aquí se narra :
Remainder of title estudios sobre el acontecimiento guadalupano /
Statement of responsibility, etc. Gerardo Valle Flores, David Sánchez Sánchez, José de Jesús Hernández Roldán [y otros tres].
264 #1 - PRODUCTION, PUBLICATION, DISTRIBUTION, MANUFACTURE, AND COPYRIGHT NOTICE
Place of production, publication, distribution, manufacture Puebla, México :
Name of producer, publisher, distributor, manufacturer Centro de Estudios Guadalupanos,
-- Universidad Popular Autónoma del Estado de Puebla,
Date of production, publication, distribution, manufacture, or copyright notice 2016
300 ## - PHYSICAL DESCRIPTION
Extent 126 páginas :
Other physical details ilustraciones, facsímil, fotografías ;
Dimensions 22 cm.
336 ## - CONTENT TYPE
Content type term texto
Fuente rdacontent
Content type code txt
337 ## - MEDIA TYPE
Media type term sin medio
Source rdamedia
Media type code n
338 ## - CARRIER TYPE
Carrier type term volumen
Source rdacarrier
Carrier type code nc
650 #7 - SUBJECT ADDED ENTRY--TOPICAL TERM
Topical term or geographic name entry element Virgen de Guadalupe
Geographic subdivision Historia
Source of heading or term armarc
700 1# - ADDED ENTRY--PERSONAL NAME
Personal name Valle Flores, Gerardo,
Relator term autor
9 (RLIN) 4518
700 1# - ADDED ENTRY--PERSONAL NAME
Personal name Sánchez Sánchez, David,
Relator term autor
9 (RLIN) 13259
700 1# - ADDED ENTRY--PERSONAL NAME
Personal name Hernández Roldán, José de Jesús,
Relator term autor
9 (RLIN) 8853
942 ## - ADDED ENTRY ELEMENTS (KOHA)
Source of classification or shelving scheme Dewey Decimal Classification
Koha item type Libro
Classification part 232.9109
Item part A656
Existencias
Withdrawn status Lost status Source of classification or shelving scheme Damaged status Not for loan Collection code Home library Current library Shelving location Date acquired Source of acquisition Total Checkouts Total Renewals Full call number Barcode Date last seen Date last checked out Copy number Price effective from Koha item type
    Dewey Decimal Classification     General Biblioteca Karol Wojtyla Biblioteca Karol Wojtyla Sala general 11/10/2017 Compra 2 1 232.9109 A656 2016 98541 30/04/2024 12/04/2024 Ej.2 11/10/2017 Libro
    Dewey Decimal Classification     General Centro de Estudios Guadalupanos Biblioteca Karol Wojtyla Sala general 03/12/2013 Compra     232.9109 A656 2016 48172 03/03/2026   Ej.2 03/12/2013 Libro
    Dewey Decimal Classification   Consulta en sala UPAEP Biblioteca Karol Wojtyla Biblioteca Karol Wojtyla Sala "Colecciones Especiales" 11/10/2017 Compra     232.9109 A656 2016 98291 05/01/2026     11/10/2017 Libro
    Dewey Decimal Classification     General Centro de Estudios Guadalupanos Centro de Estudios Guadalupanos Sala general 11/10/2017 Compra 1   232.9109 A656 2016 98540 05/01/2026 12/05/2022   11/10/2017 Libro
    Dewey Decimal Classification     General Tehuacán Tehuacán Sala general 31/08/2022       232.9109 A656 2016 968000000999 08/01/2025     31/08/2022 Libro
    Dewey Decimal Classification     General Tehuacán Tehuacán Sala general 06/06/2024       232.9109 A656 2016 968000002481 08/01/2025   Ej.2 06/06/2024 Libro